[Event "CADAP MLP-01/2003 email"]
[Site "CADAP email"]
[Date "2004.06.04"]
[Round "?"]
[White "Vasconcelos, Manuel"]
[Black "Pena Gomez, Enrique Duvan"]
[Result "1-0"]
[WhiteElo "2000"]
[BlackElo "2250"]
[PlyCount "91"]
[EventDate "2005.??.??"]
[EventType "tourn (corr)"]
[EventRounds "14"]
[EventCountry "ARG"]
[SourceTitle "Corr 2008"]
[Source "ChessBase"]
[SourceDate "2008.06.24"]
[SourceVersion "1"]
[SourceVersionDate "2008.06.24"]
[SourceQuality "1"]

1. e4 Nf6 2. e5 Nd5 3. d4 d6 4. Bc4 Nb6 5. Bb3 dxe5 6. dxe5 Qxd1+ 7. Kxd1 Nc6 8. Bf4 Bf5 9. Nd2 e6 10. Ngf3 Be7 11. c3 0-0-0 12. Bc2 Nd5 13. Bg3 Bxc2+ 14. Kxc2 h5 15. h4 Rd7 16. Ng5 Rf8 17. Nde4 Nd8 18. Rad1 f5 19. exf6 gxf6 20. Nf3 Nc6 21. b4 b5 22. Rd2 Rfd8 23. Rhd1 e5 24. Bh2 f5 25. Neg5 Bxg5 26. Nxg5 Ndxb4+ 27. cxb4 Nxb4+ 28. Kc3 Nxa2+ 29. Kc2 Nb4+ 30. Kc3 Nc6 31. Nf3 e4 32. Rxd7 Rxd7 33. Rxd7 Kxd7 34. Nd2 Ne7 35. Nf1 c5 36. Ng3 a5 37. Nxh5 Ke6 38. Nf4+ Kf7 39. f3 exf3 40. gxf3 Nc6 41. Bg1 c4 42. Bd4 a4 43. Nd5 Nxd4 44. Kxd4 a3 45. Nb4 Kg6 46. Ke5 1-0

[Event "CADAP MLP-01/2003 email"]
[Site "CADAP email"]
[Date "2004.01.06"]
[Round "?"]
[White "Vasconcelos, Manuel"]
[Black "Eman, Juan"]
[Result "1/2-1/2"]
[WhiteElo "2000"]
[BlackElo "2000"]
[PlyCount "55"]
[EventDate "2005.??.??"]
[EventType "tourn (corr)"]
[EventRounds "14"]
[EventCountry "ARG"]
[SourceTitle "Corr 2008"]
[Source "ChessBase"]
[SourceDate "2008.06.24"]
[SourceVersion "1"]
[SourceVersionDate "2008.06.24"]
[SourceQuality "1"]

1. d4 Nf6 2. c4 e6 3. Nf3 Bb4+ 4. Bd2 Bxd2+ 5. Qxd2 0-0 6. Nc3 d5 7. e3 Qe7 8. cxd5 exd5 9. Bd3 c6 10. Qc2 Re8 11. 0-0 Nbd7 12. Rab1 Ne4 13. b4 a6 14. Na4 Nf8 15. Nb6 Rb8 16. Nxc8 Rbxc8 17. a4 Nd6 18. Rfc1 b5 19. Qb3 Nc4 20. Ra1 Ne6 21. axb5 axb5 22. Ra6 Ra8 23. Rca1 Rxa6 24. Rxa6 Ng5 25. Nxg5 Qxg5 26. Bxc4 dxc4 27. Qc2 Qd5 28. h3 1/2-1/2

[Event "CADAP MLP-01/2003 email"]
[Site "CADAP email"]
[Date "2003.09.07"]
[Round "?"]
[White "Jimenez, Mario"]
[Black "Vasconcelos, Manuel"]
[Result "0-1"]
[WhiteElo "1924"]
[BlackElo "2000"]
[PlyCount "44"]
[EventDate "2005.??.??"]
[EventType "tourn (corr)"]
[EventRounds "14"]
[EventCountry "ARG"]
[SourceTitle "Corr 2008"]
[Source "ChessBase"]
[SourceDate "2008.06.24"]
[SourceVersion "1"]
[SourceVersionDate "2008.06.24"]
[SourceQuality "1"]

1. e4 c5 2. f4 d5 3. exd5 Qxd5 4. Nc3 Qd8 5. Nf3 Nf6 6. Ne5 e6 7. Qf3 Nbd7 8. Nxd7 Nxd7 9. b3 Be7 10. Bb2 0-0 11. 0-0-0 Bf6 12. g4 Rb8 13. Bd3 Qa5 14. Kb1 b5 15. Qh3 g6 16. f5 c4 17. fxg6 hxg6 18. bxc4 bxc4 19. Bxc4 Rxb2+ 20. Kxb2 Nb6 21. Bb3 Ba6 22. d4 Qb4 0-1

[Event "CADAP MLP-01/2003 email"]
[Site "CADAP email"]
[Date "2003.08.31"]
[Round "?"]
[White "Vasconcelos, Manuel"]
[Black "Lopez Martin, Hector Eduardo"]
[Result "1-0"]
[WhiteElo "2000"]
[BlackElo "1787"]
[PlyCount "63"]
[EventDate "2005.??.??"]
[EventType "tourn (corr)"]
[EventRounds "14"]
[EventCountry "ARG"]
[SourceTitle "Corr 2008"]
[Source "ChessBase"]
[SourceDate "2008.06.24"]
[SourceVersion "1"]
[SourceVersionDate "2008.06.24"]
[SourceQuality "1"]

1. e4 e6 2. d4 d5 3. Nd2 dxe4 4. Nxe4 Nf6 5. Nxf6+ Qxf6 6. Nf3 Bd6 7. Bd3 h6 8. 0-0 0-0 9. Qe2 Nc6 10. Qe4 Re8 11. Re1 Bd7 12. Ne5 Rad8 13. Nxd7 Rxd7 14. Bb5 Rde7 15. c3 Qf5 16. Qxf5 exf5 17. Bd2 Rxe1+ 18. Rxe1 Rxe1+ 19. Bxe1 Ne7 20. Bd7 g6 21. c4 c5 22. Bc3 f4 23. dxc5 Bxc5 24. b4 Bd6 25. c5 Bc7 26. b5 g5 27. a4 Nd5 28. Bd4 b6 29. Bc6 Nb4 30. Be4 f5 31. Bxf5 Nd5 32. Be6+ 1-0